| 000 | 00469cam a2200193 4500 | ||
|---|---|---|---|
| 001 | J2970 | ||
| 008 | 090401t1948 xxu||||| |||| 00| 0 eng d | ||
| 035 | _a(Sirsi) u52294 | ||
| 041 | _aeng | ||
| 245 | _aTown and Country Planning (General Development) Order 1948 | ||
| 260 | _c1948 | ||
| 300 | _a17p | ||
| 350 | _a0 | ||
| 490 |
_aSI _v1948:958 |
||
| 650 | _aGENERAL DEVELOPMENT ORDER | ||
| 690 | _aPLANNING LAW AND PRACTICE | ||
| 942 | _n0 | ||
| 948 | _c04/03/1997 | ||
| 999 |
_c93023 _d93023 |
||